Mal's General Knowledge 17 - Statistics

General Stats
  • This quiz has been taken 179 times
  • The average score is 9 of 20
Answer Stats
Hint Answer % Correct
How many Centimeters in a Kilometer 100,000
81%
What is the Lightest Element Hydrogen
73%
What is the common name for the Flower from which 'Morphine' is derived Poppy
73%
What is the largest Island in area in the Mediterranean sea Sicily
70%
Which Football Team (soccer) does Cristiano Ronaldo play for Real Madrid
67%
In which City was RMS Titanic built Belfast, UK
65%
From which Country does Gruyère cheese originate Switzerland
55%
What is the Capital of Paraguay Asuncion
53%
What is the largest Populated City in Africa Lagos, Nigeria
53%
What name was given to the Roman Goddess of Fertility, Hunting and the Moon Diana
49%
Which famous singer was born in Hoboken, New Jersey in 1915 Frank Sinatra
47%
Brass is an alloy of Copper and which other metal Zinc
47%
How many Teeth does a mature Cow have 32
39%
Who wrote 'The Lord of the Flies" William Golding
39%
What is the passion of an 'Oenophile' Wine
38%
In sport, by what name was Rocco Marchegiano better known Rocky Marciano
34%
Who has "That's All Folks!" inscribed on his Tombstone Mel Blanc
27%
What is Richard Gere's middle name Tiffany
11%
What is "Anthophobia' the fear of Flowers
10%
What is the given name to Tchaikovsky's 6th Symphony Pathétique
7%
No matching quizzes found
Score Distribution
Percent of People with Each Score
Percentile by Number Answered
Your Score History
You have not taken this quiz